Xuân Quỳnh thơ và đời

Guardat en:
Dades bibliogràfiques
Format: Sách giấy
Idioma:Vietnamese
Publicat: H. : Văn hóa, 1995
Matèries:
Etiquetes: Afegir etiqueta
Sense etiquetes, Sigues el primer a etiquetar aquest registre!
Thư viện lưu trữ: Thư viện Trường Đại học Đà Lạt
LEADER 00633nam a2200277 4500
001 DLU020012144
005 ##5/22/2000
020 # # |a 978- 
041 # # |a vie 
082 # # |a 895.922 1  |b Xua 
245 # # |a Xuân Quỳnh thơ và đời 
260 # # |a H. :  |b Văn hóa,  |c 1995 
300 # # |a 252 tr.;   |c 19 cm. 
653 # # |a Chân dung văn học 
653 # # |a Hồi ức 
653 # # |a Thơ hiện đại 
653 # # |a Xuân Quỳnh, 1942-1988 
992 # # |a 19000 
994 # # |a DLU 
900 # # |a False 
911 # # |a Administrator 
925 # # |a G 
926 # # |a A 
927 # # |a SH 
980 # # |a Thư viện Trường Đại học Đà Lạt